| 000 | 01426nam a22002657a 4500 | ||
|---|---|---|---|
| 005 | 20210325184955.0 | ||
| 008 | s2531 th tha d | ||
| 041 | _atha | ||
| 090 | _aอ AE390 ส275ส 2531 | ||
| 245 | 1 | 0 | _aสารานุกรมประเทศทั่วโลก ทวีปอเมริกา เล่ม 2 |
| 260 | 3 |
_aกรุงเทพฯ : _bไทยวัฒนาพานิช, _c2531 |
|
| 300 |
_a74-144 หน้า : _b ภาพประกอบ, แผนที่ ; _c 26 ซม. |
||
| 650 | 0 | 4 | _aสหรัฐอเมริกา -- การเมืองและการปกครอง |
| 650 | 0 | 4 | _aสหรัฐอเมริกา -- ความเป็นอยู่และประเพณี |
| 650 | 0 | 4 | _aสหรัฐอเมริกา -- ประวัติ |
| 650 | 0 | 4 | _aอเมริกา -- สารานุกรม |
| 650 | 0 | 4 | _aอเมริกากลาง -- ประวัติ |
| 650 | 0 | 4 | _aเม็กซิโก -- การเมืองและการปกครอง |
| 650 | 0 | 4 | _aเม็กซิโก -- ความเป็นอยู่และประเพณี |
| 650 | 0 | 4 | _aเม็กซิโก -- ประวัติ |
| 850 | _aNALT | ||
| 942 | _cREF | ||
| 997 | _c000000000021406 | ||
| 998 | _aนางสาวสุพันดา สุภาพ | ||
| 999 |
_c21406 _d21406 |
||